000 00357nam a2200145Ia 4500
005 20251222141931.0
008 251222s9999||||xx |||||||||||||| ||spa||
020 _a8450553369
082 _a739.209.46/H42
100 _aHernmark, Carl
245 0 _aCustodias Profesionales en EspaƱa
250 _a1ra.ed.
264 _bMinisterio de Cultura
942 _cLIB
999 _c9037
_d9037